[Event "Cappelle Online Blitz op"]
[Site "Europe Echecs INT"]
[Date "2021.03.07"]
[Round "5"]
[White "Dardha, Daniel"]
[Black "Morelle, Ludovic"]
[Result "1-0"]
[WhiteElo "2516"]
[BlackElo "2314"]
[PlyCount "99"]
[EventDate "2021.03.07"]
[EventType "swiss (blitz)"]
[EventRounds "11"]
[EventCountry "FRA"]
[SourceTitle "CBM 201 Extra"]
[Source "ChessBase"]
[SourceDate "2021.05.31"]
[SourceVersion "1"]
[SourceVersionDate "2021.05.31"]
[SourceQuality "1"]

1. c4 c5 2. g3 Nc6 3. Bg2 h5 4. h3 h4 5. g4 d6 6. e3 g6 7. Ne2 Bg7 8. d4 e6 9. Nbc3 Nge7 10. b3 a6 11. Bb2 cxd4 12. exd4 d5 13. c5 b6 14. Na4 bxc5 15. Nxc5 0-0 16. 0-0 e5 17. dxe5 Nxe5 18. Nd4 Qb6 19. Rc1 a5 20. Re1 Rd8 21. Qd2 Ba6 22. Nde6 fxe6 23. Bxe5 Bc8 24. Bxg7 Kxg7 25. Qd4+ Kf7 26. Nxe6 Qxd4 27. Nxd4 a4 28. b4 a3 29. b5 Ra4 30. Rc7 Rd7 31. Ne6 Rxc7 32. Nxc7 Bb7 33. Ne6 Bc8 34. Nc7 Bb7 35. Ne6 Bc8 36. Nd8+ Kf8 37. b6 Rb4 38. Ne6+ Kf7 39. Ng5+ Kf6 40. Nh7+ Kf7 41. Re3 Rxb6 42. Ng5+ Kf6 43. Nh7+ Kf7 44. Rxa3 d4 45. Ng5+ Kf6 46. Ne4+ Ke5 47. Ra5+ Kf4 48. Nc5 Rb1+ 49. Kh2 Rd1 50. Ra7 1-0

[Event "Europe Echecs online op April"]
[Site "Europe Echecs INT"]
[Date "2020.04.11"]
[Round "7"]
[White "Barbet, Loic"]
[Black "Morelle, Ludovic"]
[Result "1/2-1/2"]
[WhiteElo "2128"]
[BlackElo "2261"]
[PlyCount "116"]
[EventDate "2020.04.11"]
[EventType "swiss (blitz)"]
[EventRounds "11"]
[EventCountry "FRA"]
[SourceTitle "EXT 2021"]
[Source "ChessBase"]
[SourceDate "2020.10.23"]
[SourceVersion "1"]
[SourceVersionDate "2020.10.23"]
[SourceQuality "1"]

1. e4 g6 2. d4 Bg7 3. Nc3 c6 4. h3 d5 5. e5 Nh6 6. Bg5 f6 7. exf6 exf6 8. Bf4 0-0 9. Qd2 Nf7 10. 0-0-0 b5 11. g4 Nd7 12. h4 Nb6 13. g5 b4 14. Nb1 fxg5 15. hxg5 Nd6 16. Be5 Nbc4 17. Qxb4 Nxe5 18. dxe5 Bxe5 19. Nc3 Qxg5+ 20. Kb1 Bg4 21. f3 Rab8 22. Qxg4 Qxg4 23. fxg4 Bxc3 24. b3 Ne4 25. Nh3 Be5 26. Re1 Bg3 27. Re3 Nd2+ 28. Kb2 Nxf1 29. Rxf1 Rxf1 30. Rxg3 Rbf8 31. Ng5 Re8 32. Rc3 h6 33. Nf3 h5 34. gxh5 gxh5 35. Nd4 h4 36. Rxc6 Re4 37. c3 Rf2+ 38. Ka3 Kh7 39. Ne6 Rg4 40. Rc7+ Kh6 41. Rc8 Rf7 42. Rh8+ Rh7 43. Rf8 h3 44. Rf6+ Kh5 45. Rf5+ Kg6 46. Rxd5 h2 47. Nf8+ Kf7 48. Rd7+ Kxf8 49. Rxh7 Rg2 50. c4 Ke8 51. b4 Kd8 52. Ka4 Rxa2+ 53. Kb5 Rg2 54. c5 Kc8 55. Kc6 Rg6+ 56. Kb5 Rg2 57. Rh6 Kb7 58. Rh7+ Kc8 1/2-1/2

[Event "FRA-ch blitz"]
[Site "Le Blanc Mesnil"]
[Date "2019.06.01"]
[Round "5"]
[White "Morelle, Ludovic"]
[Black "Donchenko, Alexander"]
[Result "0-1"]
[WhiteElo "2313"]
[BlackElo "2618"]
[PlyCount "80"]
[EventDate "2019.06.01"]
[EventType "swiss (blitz)"]
[EventRounds "23"]
[EventCountry "FRA"]
[SourceTitle "CBM 190 Extra"]
[Source "ChessBase"]
[SourceDate "2019.07.15"]
[SourceVersion "1"]
[SourceVersionDate "2019.07.15"]
[SourceQuality "1"]

1. e4 c6 2. d4 d5 3. Nd2 dxe4 4. Nxe4 Bf5 5. Ng3 Bg6 6. h4 h6 7. Nf3 Nd7 8. h5 Bh7 9. Bd3 Bxd3 10. Qxd3 e6 11. Bd2 Ngf6 12. 0-0-0 Be7 13. Kb1 Qb6 14. Ne4 Rd8 15. g4 Nxg4 16. Rhg1 f5 17. Qc4 Nf8 18. Nc3 Nxf2 19. Rde1 Qa6 20. Qb3 Qb6 21. Qc4 Qa6 22. Qb3 c5 23. Rxg7 c4 24. Rxe7+ Kxe7 25. Qb4+ Kf6 26. d5 Rh7 27. Bf4 Ng4 28. Nb5 exd5 29. Nc7 Qb6 30. Qc3+ d4 31. Qxc4 Qc6 32. Qg8 Rxc7 33. Qh8+ Rg7 34. Bxh6 Qc7 35. Bg5+ Kf7 36. h6 Rh7 37. Ne5+ Nxe5 38. Qf6+ Kg8 39. Rxe5 d3 40. Qxd8 Qxc2+ 0-1

[Event "Bethune op 27th"]
[Site "Bethune"]
[Date "2006.12.29"]
[Round "8"]
[White "Morelle, Ludovic"]
[Black "Schut, Han"]
[Result "0-1"]
[WhiteElo "2297"]
[BlackElo "2136"]
[PlyCount "30"]
[EventDate "2006.12.26"]
[EventType "swiss"]
[EventRounds "9"]
[EventCountry "FRA"]
[SourceTitle "CBM 116 Extra"]
[Source "ChessBase"]
[SourceDate "2007.03.07"]
[SourceVersion "1"]
[SourceVersionDate "2007.03.07"]
[SourceQuality "1"]

1. e4 c5 2. c3 g6 3. d4 cxd4 4. cxd4 d5 5. exd5 Nf6 6. Bb5+ Nbd7 7. d6 exd6 8. Qe2+ Qe7 9. Nc3 a6 10. Qxe7+ Bxe7 11. Be2 Nb6 12. Bf3 d5 13. Bg5 h6 14. Bh4 0-0 15. Nge2 g5 0-1

[Event "Bethune op 27th"]
[Site "Bethune"]
[Date "2006.12.27"]
[Round "3"]
[White "Morelle, Ludovic"]
[Black "Stawiarski, Edmond"]
[Result "1-0"]
[WhiteElo "2297"]
[BlackElo "2120"]
[PlyCount "69"]
[EventDate "2006.12.26"]
[EventType "swiss"]
[EventRounds "9"]
[EventCountry "FRA"]
[SourceTitle "CBM 116 Extra"]
[Source "ChessBase"]
[SourceDate "2007.03.07"]
[SourceVersion "1"]
[SourceVersionDate "2007.03.07"]
[SourceQuality "1"]

1. Nf3 Nf6 2. g3 c5 3. Bg2 Nc6 4. d3 g6 5. Nc3 Bg7 6. e4 d6 7. 0-0 0-0 8. h3 a6 9. Be3 Rb8 10. Qd2 b5 11. Nh4 Nd4 12. f4 b4 13. Nd1 Qa5 14. a4 Qc7 15. b3 Nh5 16. Kh2 Nxb3 17. cxb3 Bxa1 18. Nb2 Bxb2 19. Qxb2 Ng7 20. f5 e5 21. f6 Ne6 22. Bh6 Qd8 23. Qc1 Kh8 24. Nf3 Rg8 25. Qc4 Bb7 26. Ng5 Nxg5 27. Bxg5 Qf8 28. Qc1 Bc8 29. Bh6 Qe8 30. Qg5 Qe6 31. h4 Qg4 32. Bg7+ Rxg7 33. fxg7+ Kxg7 34. Qf6+ Kh6 35. Qxd6 1-0

[Event "Paris-ch"]
[Site "Paris"]
[Date "2006.07.12"]
[Round "2"]
[White "Liard, Thibaud"]
[Black "Morelle, Ludovic"]
[Result "0-1"]
[WhiteElo "2135"]
[BlackElo "2283"]
[PlyCount "112"]
[EventDate "2006.07.08"]
[EventType "swiss"]
[EventRounds "9"]
[EventCountry "FRA"]
[SourceTitle "EXT 2007"]
[Source "ChessBase"]
[SourceDate "2006.11.23"]
[SourceVersion "1"]
[SourceVersionDate "2006.11.23"]
[SourceQuality "1"]

1. d4 d5 2. Nf3 Nc6 3. Bf4 Bf5 4. e3 f6 5. Bb5 Qd7 6. c4 e6 7. Nc3 Nge7 8. cxd5 exd5 9. Rc1 a6 10. Qa4 Rd8 11. Be2 Nc8 12. 0-0 Nb6 13. Qb3 Na5 14. Qd1 Be7 15. h3 Rc8 16. Bd3 Nac4 17. Bxf5 Qxf5 18. b3 Nd6 19. Na4 Nxa4 20. bxa4 Nc4 21. Nd2 b5 22. Bg3 Qd7 23. axb5 axb5 24. e4 Nxd2 25. Qxd2 dxe4 26. Qf4 c6 27. Qxe4 0-0 28. Rfd1 Rfe8 29. Qf3 Qd5 30. Qxd5+ cxd5 31. Bf4 Rc4 32. Rb1 b4 33. Rb2 g5 34. Be3 Bd6 35. g4 Kf7 36. Kg2 Kg6 37. Kf3 f5 38. gxf5+ Kxf5 39. Rg1 Rg8 40. Ke2 h5 41. Kf3 Rc3 42. Rc1 Rgc8 43. Rxc3 bxc3 44. Rc2 g4+ 45. hxg4+ hxg4+ 46. Ke2 Ke4 47. a4 Bb4 48. Rc1 Ra8 49. Ra1 Ra7 50. Ra2 Ba5 51. Rc2 Rb7 52. Kd1 Kd3 53. Kc1 g3 54. Bf4 g2 55. Bh2 Bc7 56. Bg1 Bf4+ 0-1

[Event "Paris-ch"]
[Site "Paris"]
[Date "2006.07.12"]
[Round "5"]
[White "Monroy, Charles"]
[Black "Morelle, Ludovic"]
[Result "1-0"]
[WhiteElo "2388"]
[BlackElo "2283"]
[PlyCount "69"]
[EventDate "2006.07.08"]
[EventType "swiss"]
[EventRounds "9"]
[EventCountry "FRA"]
[SourceTitle "EXT 2007"]
[Source "ChessBase"]
[SourceDate "2006.11.23"]
[SourceVersion "1"]
[SourceVersionDate "2006.11.23"]
[SourceQuality "1"]

1. e4 g6 2. d4 Bg7 3. Nc3 c6 4. Nf3 d5 5. h3 Nh6 6. Bf4 f6 7. exd5 cxd5 8. Nb5 0-0 9. c4 Na6 10. Nc3 e6 11. Be2 Nf7 12. cxd5 exd5 13. Qb3 g5 14. Bh2 Re8 15. 0-0 f5 16. Rfe1 g4 17. hxg4 fxg4 18. Ne5 Nxe5 19. Bxe5 Bxe5 20. dxe5 Be6 21. Qxb7 Nc5 22. Qb4 Qb6 23. Qxb6 axb6 24. b4 Na6 25. Bxa6 Rxa6 26. Rad1 Rd8 27. Rd4 Ra3 28. Re3 Rc8 29. Nxd5 Rc1+ 30. Kh2 Rxa2 31. Nf6+ Kg7 32. Nxg4 h5 33. Nf6 Rxf2 34. Nxh5+ Kh6 35. Nf4 1-0

[Event "FRA-ch Accession"]
[Site "Chartres"]
[Date "2005.08.18"]
[Round "3"]
[White "Morelle, Ludovic"]
[Black "Neiman, Emmanuel"]
[Result "1-0"]
[WhiteElo "2232"]
[BlackElo "2365"]
[PlyCount "75"]
[EventDate "2005.08.15"]
[EventType "swiss"]
[EventRounds "10"]
[EventCountry "FRA"]
[SourceTitle "EXT 2006"]
[Source "ChessBase"]
[SourceDate "2005.11.24"]
[SourceVersion "1"]
[SourceVersionDate "2005.11.24"]
[SourceQuality "1"]

1. c4 f5 2. d4 Nf6 3. g3 g6 4. Bg2 Bg7 5. Nf3 d6 6. Nc3 0-0 7. 0-0 Qe8 8. e4 fxe4 9. Ng5 Nc6 10. Be3 e5 11. d5 Nd4 12. Ncxe4 Ng4 13. Bxd4 exd4 14. Re1 Qe7 15. Ne6 Bxe6 16. dxe6 Ne5 17. Rc1 g5 18. Nxg5 Qxg5 19. f4 Qh6 20. fxe5 dxe5 21. Bxb7 Rab8 22. Bd5 Kh8 23. Rc2 Rbe8 24. Qd3 c5 25. b4 Qh3 26. Qe4 Rf6 27. bxc5 Bh6 28. Qxe5 Bg7 29. Qe4 Rg6 30. Qg2 Qf5 31. Rf2 Qg5 32. Qe4 Qe7 33. c6 Qd6 34. e7 Bf6 35. Qf4 Qb4 36. Re6 Bxe7 37. Qe5+ Rg7 38. Rf7 1-0

[Event "Paris-ch"]
[Site "Paris"]
[Date "2005.07.14"]
[Round "6"]
[White "Morelle, Ludovic"]
[Black "Le Quang, Kim"]
[Result "1/2-1/2"]
[WhiteElo "2232"]
[BlackElo "2330"]
[PlyCount "105"]
[EventDate "2005.07.10"]
[EventType "swiss"]
[EventRounds "9"]
[EventCountry "FRA"]
[SourceTitle "CBM 107 Extra"]
[Source "ChessBase"]
[SourceDate "2005.09.01"]
[SourceVersion "1"]
[SourceVersionDate "2005.09.01"]
[SourceQuality "1"]

1. e4 c5 2. c3 Nf6 3. e5 Nd5 4. Nf3 e6 5. d4 cxd4 6. cxd4 d6 7. Nc3 Nxc3 8. bxc3 Qc7 9. Bd2 Nd7 10. exd6 Bxd6 11. Bd3 b6 12. c4 Bb7 13. Rc1 0-0 14. 0-0 Bf4 15. Bxf4 Qxf4 16. Qd2 Qxd2 17. Nxd2 Rac8 18. Rfd1 Rfd8 19. Nf1 Nf6 20. Ne3 Kf8 21. Bb1 Rd7 22. Rd2 g6 23. a3 Rcd8 24. Rcd1 Be4 25. Bc2 Bxc2 26. Nxc2 Ne4 27. Rd3 Nc5 28. Rh3 h5 29. f4 Nb7 30. Rc3 Nd6 31. Kf1 Nf5 32. a4 Ke7 33. Rcd3 Rc8 34. Na3 Nd6 35. Rc1 Nb7 36. Ke2 Na5 37. Ke3 Nc6 38. Rb1 Rcd8 39. Nc2 Na5 40. Na3 Nc6 41. Nc2 Kf6 42. Ke4 h4 43. Rbd1 Na5 44. Ne3 Kg7 45. Kf3 Nb7 46. Ke2 Rh8 47. Kf3 Rh5 48. Ra3 Ra5 49. Rdd3 Nd6 50. Kg4 Ne4 51. Kf3 f5 52. Ng4 Rc7 53. Ne5 1/2-1/2

[Event "Paris-ch"]
[Site "Paris"]
[Date "2005.07.10"]
[Round "2"]
[White "Morelle, Ludovic"]
[Black "Serafimov, Tervel"]
[Result "1/2-1/2"]
[WhiteElo "2232"]
[BlackElo "2405"]
[PlyCount "40"]
[EventDate "2005.07.10"]
[EventType "swiss"]
[EventRounds "9"]
[EventCountry "FRA"]
[SourceTitle "CBM 107 Extra"]
[Source "ChessBase"]
[SourceDate "2005.09.01"]
[SourceVersion "1"]
[SourceVersionDate "2005.09.01"]
[SourceQuality "1"]

1. e4 c5 2. c3 a6 3. d4 cxd4 4. cxd4 d5 5. exd5 Nf6 6. Nc3 Nxd5 7. Nf3 Nc6 8. Bc4 e6 9. 0-0 Be7 10. Re1 0-0 11. Bb3 b5 12. Nxd5 exd5 13. Ne5 Nxe5 14. Rxe5 Be6 15. Qd3 Bf6 16. Re1 Rc8 17. Bf4 g6 18. Be5 Bxe5 19. Rxe5 Qf6 20. Rae1 Rfd8 1/2-1/2

[Event "Bethune op-A 25th"]
[Site "Bethune"]
[Date "2004.12.28"]
[Round "4"]
[White "Morelle, Ludovic"]
[Black "Solleveld, Maarten"]
[Result "0-1"]
[WhiteElo "2173"]
[BlackElo "2468"]
[PlyCount "62"]
[EventDate "2004.12.26"]
[EventType "swiss"]
[EventRounds "7"]
[EventCountry "FRA"]
[SourceTitle "CBM 104 Extra"]
[Source "ChessBase"]
[SourceDate "2005.03.01"]
[SourceVersion "1"]
[SourceVersionDate "2005.03.01"]
[SourceQuality "1"]

1. c4 Nf6 2. Nc3 e6 3. Nf3 b6 4. e3 Bb7 5. a3 d5 6. cxd5 exd5 7. b4 Be7 8. Bb2 0-0 9. d4 a6 10. Bd3 Bd6 11. Qc2 Nbd7 12. 0-0 Qe7 13. Rae1 Ne4 14. Nd2 f5 15. f4 Rfc8 16. Ndxe4 fxe4 17. Be2 b5 18. Bg4 Rf8 19. Bxd7 Qxd7 20. Nb1 Rf6 21. Nd2 Raf8 22. Nb3 Bc8 23. Na5 g5 24. g3 Qg7 25. Qc6 Qf7 26. Qc1 Qg7 27. Qc6 Bxb4 28. Qxf6 Rxf6 29. axb4 Bh3 30. Rf2 gxf4 31. exf4 Qe7 0-1

[Event "Le Touquet op 19th"]
[Site "Le Touquet"]
[Date "2004.10.29"]
[Round "7"]
[White "Glienke, Manfred"]
[Black "Morelle, Ludovic"]
[Result "1-0"]
[WhiteElo "2294"]
[BlackElo "2173"]
[PlyCount "79"]
[EventDate "2004.10.25"]
[EventType "swiss"]
[EventRounds "9"]
[EventCountry "FRA"]
[SourceTitle "EXT 2005"]
[Source "ChessBase"]
[SourceDate "2004.11.15"]
[SourceVersion "1"]
[SourceVersionDate "2004.11.15"]
[SourceQuality "1"]

1. d4 Nf6 2. Nf3 g6 3. Bf4 Bg7 4. e3 0-0 5. Be2 d6 6. h3 Nfd7 7. 0-0 e5 8. Bh2 Kh8 9. c3 Nc6 10. a4 f5 11. Na3 Qe7 12. b4 g5 13. Nb5 Ndb8 14. Rc1 a6 15. Na3 Nd7 16. Nc4 e4 17. Nfd2 d5 18. Na5 Nxa5 19. bxa5 c5 20. c4 cxd4 21. exd4 f4 22. cxd5 Nf6 23. Re1 Bf5 24. Qb3 Qd7 25. Rc5 Rad8 26. Bf1 e3 27. fxe3 fxe3 28. Nf3 Ne4 29. Rc7 Qxd5 30. Qxb7 e2 31. Rxg7 exf1Q+ 32. Rxf1 Qxb7 33. Rxb7 Rd7 34. Be5+ Kg8 35. Rb6 Nc3 36. Nxg5 Nxa4 37. Rxa6 Nc3 38. Rf2 Nd1 39. Rf3 Rb7 40. Rb6 1-0

[Event "FRA-chT3 North 0304"]
[Site "France"]
[Date "2004.03.14"]
[Round "7.3"]
[White "Lobzhanidze, Anna Luise"]
[Black "Morelle, Ludovic"]
[Result "0-1"]
[WhiteElo "2134"]
[BlackElo "2095"]
[PlyCount "78"]
[EventDate "2003.11.??"]
[EventType "team"]
[EventRounds "9"]
[EventCountry "FRA"]
[SourceTitle "EXT 2006"]
[Source "ChessBase"]
[SourceDate "2005.11.24"]
[SourceVersion "1"]
[SourceVersionDate "2005.11.24"]
[SourceQuality "1"]
[WhiteTeam "Chauny St Quentin"]
[BlackTeam "Baisieux"]
[WhiteTeamCountry "FRA"]
[BlackTeamCountry "FRA"]

1. e4 c5 2. Nf3 Nf6 3. Nc3 d5 4. Bb5+ Bd7 5. Bxd7+ Qxd7 6. e5 d4 7. exf6 dxc3 8. bxc3 Qe6+ 9. Qe2 Qxe2+ 10. Kxe2 gxf6 11. Re1 Nc6 12. Rb1 0-0-0 13. Kf1 e6 14. a4 Bg7 15. Ba3 b6 16. Rb5 Bf8 17. d3 Bd6 18. Reb1 Bc7 19. Nd2 Na5 20. Nf3 Rhg8 21. Bc1 f5 22. d4 a6 23. R5b2 Nc4 24. Rb3 f4 25. Ne5 Nxe5 26. dxe5 f3 27. Bf4 fxg2+ 28. Kg1 Rg4 29. Bg3 Rxa4 30. Kxg2 h5 31. h4 Rg8 32. Kh3 Re4 33. Ra1 Kb7 34. Rba3 a5 35. Rb1 Kc6 36. Rab3 a4 37. R3b2 Rc4 38. Ra1 b5 39. Rab1 Rb8 0-1

[Event "Nord Pas de Cal-chT"]
[Site "Lille"]
[Date "2004.??.??"]
[Round "6.2"]
[White "Morelle, Ludovic"]
[Black "Platel, Alexandre"]
[Result "1/2-1/2"]
[WhiteElo "2095"]
[BlackElo "2088"]
[PlyCount "85"]
[EventDate "2004.04.??"]
[EventType "team-swiss"]
[EventRounds "7"]
[EventCountry "FRA"]
[SourceTitle "EXT 2005"]
[Source "ChessBase"]
[SourceDate "2004.11.15"]
[SourceVersion "1"]
[SourceVersionDate "2004.11.15"]
[SourceQuality "1"]

1. e4 e5 2. Nf3 Nc6 3. Bb5 a6 4. Ba4 Nf6 5. 0-0 b5 6. Bb3 Be7 7. Re1 0-0 8. a4 Bb7 9. c3 d6 10. d4 h6 11. Nbd2 Re8 12. Nf1 Bf8 13. Ng3 Qc8 14. h3 Na5 15. Bc2 c5 16. d5 Qc7 17. Nf5 Bc8 18. g4 Bxf5 19. gxf5 b4 20. Bd2 Nc4 21. Bc1 bxc3 22. bxc3 Reb8 23. Qe2 Na5 24. Kh2 Nb3 25. Bxb3 Rxb3 26. Qc4 Rab8 27. Nd2 R3b6 28. a5 Rb5 29. Qa4 Nh5 30. Nc4 Be7 31. Rg1 Bh4 32. Qc2 Kh7 33. Qe2 Nf4 34. Qc2 Bg5 35. Bd2 Ne2 36. Rge1 Bxd2 37. Rxe2 Bf4+ 38. Kh1 Qe7 39. Qd3 Qh4 40. Qf3 Rb1+ 41. Re1 R1b3 42. Rg1 Qf6 43. Qd3 1/2-1/2